Score 0/12 Timer 02:00
1 Play Today
Clue 5-Letter Word % Correct
Unable to seeBLIND
99.3%
Open and close one's eyes quicklyBLINK
98.9%
An empty space to be filled inBLANK
96.5%
To gaze at intentlySTARE
95.6%
A male with fair hairBLOND
94.9%
To pile objects on one anotherSTACK
92.7%
Hue that is the absence of colorBLACK
92.2%
To retain data in a computer's memory unitSTORE
91.5%
Not tight or tautSLACK
90.3%
Winterfell family in 'Game of Thrones' STARK
89.7%
• 'You can't get ___ from a [last rung]' ••BLOOD•
76.5%
• 'You can't get [first rung] from a ___' ••STONE•
70.2%

Today's Daily Dose

You're not logged in!

Compare scores with friends on all Sporcle quizzes.
OR
Log In

Sporcle TV

Today on Sporcle TV


Watch our educational content, quiz creation guides, and fun videos on Sporcle TV.

Show Comments

Extras

Top Quizzes Today


Score Distribution

Paid Content

Your Account Isn't Verified!

In order to create a playlist on Sporcle, you need to verify the email address you used during registration. Go to your Sporcle Settings to finish the process.

Report this User

Report this user for behavior that violates our Community Guidelines.

Details: